Statistieken voor België van A tot Z

Klik hier om de quiz te nemen!

Algemene statistieken

  • Deze quiz is 699 keer genomen
  • De gemiddelde score is 16 van 23

Antwoordstatistieken

LetterTipAntwoord% Correct
BHoofdstad van BelgiëBrussel
99%
AGrootste stad van VlaanderenAntwerpen
96%
EMuntheenheid in BelgiëEuro
93%
KMeidengroep met Hanne, Klaasje en MartheK3
91%
MStandbeeld dat de hele tijd pipi doetManneke Pis
90%
RNationale mannenelftal voetbalRode Duivels
86%
FHuidige koning van BelgiëFilip I
83%
WZuidelijke deel van BelgiëWallonië
82%
PBelgië heeft er 10 van ditProvincie
79%
ZDe nationale luchthaven is hier gevestigdZaventem
78%
IStad waar zeer hevig werd gevochten in WOIIeper
74%
NBelgische Spoorwegenmaatschappij (afkorting)NMBS
74%
UComedian die eigen stripreeks en film heeftUrbanus
72%
DPater die melaatsen hielp op MolokaiDamiaan
70%
HBekendste Belgische voetballer van het momentEden Hazard
70%
CBelgische tenisster die haar comback gaat makenKim Clijsters
69%
VOpenbare omroep van VlaanderenVRT
61%
GSlag uit 1302 - Vlaamse FeestdagGuldensporenslag
60%
TLijn die het Vlaamse en Waalse gebied scheidtTaalgrens
50%
OAndere naam voor Duits-talig gebiedOostkantons
36%
JDit ...paleis is het grootste ter wereldJustitie
35%
LBeroemd schilderij van de Gebroeders Van EyckHet Lam Gods
22%
SBelgië heeft er intussen 6 van dit achter de rugStaatshervorming
19%

Scoreverdeling

Percentiel versus Aantal Correcte Antwoorden

Procent van Mensen met Elke Score

Uw Scoregeschiedenis

U heeft deze quiz nog niet genomen